000 00651nam a22002177a 4500
005 20170124110201.0
010 _aA-257608
020 _c80.00
035 _aA-257608
037 _bCen Lib/Ret
040 _aDPL
_bEN
082 _a390.9543
_bAYY
100 _aAyyar, P. V. Jagadisa
_936211
245 _aSouth Indian customs /
_cby P. V. Jagadisa Ayyar
260 _aNew Delhi
_bAsian Educational Services
270 _aC-2/15, S.D.A., P.O.Box.4534
_bNew Delhi
_e110016
300 _axii,169p.
_c20cm(Hb)
650 _aFolklore
_97388
650 _aSouth -- Social life and customs
_936212
942 _2ddc
_cEN
_h390.9543
_mAYY
999 _c132933
_d132933